000 00359nam a2200133Ia 4500
008 210210b1992 xxu||||| |||| 00| 0 eng d
082 _a158.4 SINC
100 _aSINGH (P) and BHANDARKER (Asha).
245 _aCorporate success and transformational leadership.
260 _aND
_b
_c1992
300 _axiv,357
690 _aApplied Psychology
906 _a049320
999 _c98408
_d98408